00721nam a2200157Ia 4500003000900000005001700009008004100026040002800067110006300095245013200158260008100290300004500371490004200416504004900458650005600507DO-SdBJH20180417030142.0180414s9999 dr 000 0 spa d aDO-SdBJHbspacDO-SdBJH aInstituto de Cooperación para la Seguridad Hemisférica10aCurso de operaciones conjuntas libro de lectura y hojas avanzadas / Instituto de Cooperación para la Seguridad Hemisférica aFuerte Benning, Georgia : Cuartel General Secretaría del Ejército, 2009 aiv, 677 páginas en varias paginaciones aBloque C200 : Estudios estratégicos aIncluye material de referencia y apéndices 4aOperaciones conjuntas -- Lecturas y hojas avanzadas